NBA Chain #1 - Statistics

General Stats
  • This quiz has been taken 318 times
  • The average score is 4 of 15
Answer Stats
Hint Answer % Correct
Has the Most Points All Time LeBron James
100%
Who's highest scoring teammate alongside him is... Anthony Davis
84%
Who was involved in a trade sending this player to the Pelicans... Brandon Ingram
66%
Who was (in their draft class) picked behind... Ben Simmons
37%
Who is on the same current team and has the same nationality as... Patty Mills
16%
Who, along with the previous 2 answers, was known as the 'OKC Three'... Russell Westbrook
16%
Who has the second most all-time points for a current player, just ahead of... James Harden
15%
Who shares a first name with this former SuperSonics Player Kevin Durant
15%
Who's the son of... Dell Curry
14%
Who won a championship when this guy won Finals MVP... Stephen Curry
13%
Who has the 2nd most points in his teams history, only after... Kemba Walker
9%
Who the #1 Pick in that Draft Class was... Andrew Wiggins
8%
Who played nationally alongside this bust currently playing in Serbia... Dante Exum
3%
Who was the second oldest starter on his 2009 team, trailing only... Kevin Garnett
3%
Who is generally considered one of the best UConn point guards, along with this Bucks Stud... Ray Allen
3%
No matching quizzes found
Score Distribution
Percent of People with Each Score
Percentile by Number Answered
Your Score History
You have not taken this quiz